000 00297nam a22001337a 4500
008 171107b xxu||||| |||| 00| 0 eng d
020 _a2900073359846
041 _aeng
080 _a330.722.6
100 _a62
101 _aKON
245 _aSTUDENT LECTURE AID
_cGARRISON.N
942 _2udc
_cBK
999 _c38014
_d38014